Geography Quiz

Random Geography or World Quiz

Countries of the World - No Outlines Minefield Quiz Stats

 Plays Quiz not verified by Sporcle

Support Sporcle.
Go Orange.
Score 0/197 Timer 20:00
2,943 Plays Today
% Correct
???
26.1%
???
26.1%
???
26.1%
???
26%
???
26%
???
26%
???
26%
???
26%
???
26%
???
26%
???
25.9%
???
25.9%
???
25.9%
???
25.9%
???
25.9%
???
25.9%
???
25.8%
???
25.8%
???
25.6%
???
25.6%
???
25.5%
???
25.5%
???
25.5%
???
25.5%
???
25.4%
???
25.4%
???
25.3%
???
25.2%
???
25.1%
???
25.1%
???
25%
???
25%
???
24.9%
???
24.8%
???
24.7%
???
24.5%
???
24.4%
???
24.1%
???
24%
???
23.9%
???
23.7%
???
23.7%
???
23.7%
???
23.6%
???
23.5%
???
23.4%
???
23.4%
???
23.3%
???
22.7%
???
22.5%
???
22.4%
???
22.3%
???
22.3%
???
22.3%
???
22.3%
???
22.3%
???
22.3%
???
22.2%
???
22.2%
???
21.7%
???
21.6%
???
21.6%
???
21.4%
???
21.2%
???
21.2%
???
21%
% Correct
???
21%
???
21%
???
20.9%
???
20.7%
???
20.1%
???
19.8%
???
19.8%
???
19.4%
???
19.3%
???
19.3%
???
19.3%
???
19.3%
???
19.2%
???
19.2%
???
19.1%
???
19.1%
???
19%
???
18.8%
???
18.5%
???
18.5%
???
18.2%
???
18.2%
???
17.8%
???
17.7%
???
17.6%
???
17.6%
???
17.4%
???
17.4%
???
17.4%
???
17.2%
???
17.1%
???
17.1%
???
17%
???
16.9%
???
16.8%
???
16.7%
???
16.6%
???
16.5%
???
16.4%
???
16.3%
???
16.2%
???
16%
???
15.8%
???
15.8%
???
15.6%
???
15.5%
???
15.5%
???
15.3%
???
15.3%
???
15.1%
???
15.1%
???
15%
???
14.9%
???
14.9%
???
14.8%
???
14.8%
???
14.7%
???
14.5%
???
14.5%
???
14.5%
???
14.4%
???
14.4%
???
14.3%
???
14.3%
???
14.2%
???
14.1%
% Correct
???
14.1%
???
14%
???
14%
???
14%
???
13.9%
???
13.8%
???
13.7%
???
13.5%
???
13.5%
???
13.5%
???
13.5%
???
13.5%
???
13.4%
???
13.4%
???
13.3%
???
13.3%
???
13.3%
???
13.3%
???
13.2%
???
13.2%
???
13.1%
???
13%
???
13%
???
12.8%
???
12.7%
???
12.7%
???
12.6%
???
12.5%
???
12.5%
???
12.4%
???
12.4%
???
12.4%
???
12.2%
???
12%
???
11.8%
???
11.8%
???
11.6%
???
11.6%
???
11.5%
???
11.5%
???
11.3%
???
11.2%
???
11.2%
???
11.2%
???
11.1%
???
11%
???
10.7%
???
10.7%
???
10.7%
???
10.5%
???
10.4%
???
10.2%
???
10.1%
???
10.1%
???
9.9%
???
9.7%
???
9.4%
???
9.4%
???
9.3%
???
8.9%
???
8.8%
???
8.6%
???
7.8%
???
7.3%
???
7.1%

You're not logged in!

Compare scores with friends on all Sporcle quizzes.
OR
Log In

From the Vault

Country Names in Russian

by caramba

This could come in very handy if Russia takes over the world.
Remove Ads.
Support Sporcle.
Get the best of Sporcle when you Go Orange. This ad-free experience offers more features, more stats, and more fun while also helping to support Sporcle. Thank you for becoming a member.

Show Comments

Extras

Top Quizzes Today


Score Distribution

Your Account Isn't Verified!

In order to create a playlist on Sporcle, you need to verify the email address you used during registration. Go to your Sporcle Settings to finish the process.

Report this User

Report this user for behavior that violates our Community Guidelines.

Details: